00467nam a2200193 a 4500001001300000003000900013005001700022008004100039020001000080082001500090100002000105245002200125260003100147300000900178500003500187505001000222650002100232700002000253nice12345678IN_TiNIC20260116011837.0050524s1952 lona grp 000 0 eng  ac10000a181.4bWOO aWood, Earnest E aGlorious Presence aLondonbRider and Coc1952 a248p aincludes index and biblioraphy2 aIndex aPhilosophy-Hindu1 aWood, Earnest E